000 00814nam a2200253 i 4500
001 bg
245 0 0 _aEuropa sędziów /
_cpod red. Zdzisława Brodeckiego.
260 _aWarszawa :
_bWydawnictwo Prawnicze LexisNexis,
_c2007.
300 _a434, [2] s. :
_bil. ;
_c25 cm.
504 _aBibliogr. i akty prawne przy rozdz.
650 9 _aPrawo wspólnotowe europejskie
655 _aPodręczniki
700 1 _aBrodecki, Zdzisław
_d(1941- ).
_eRed.
015 _aPB 17396/2007
020 _a9788373347373
040 _cBPK
041 _apol
044 _aPOL
080 _a341.12(4-67)(07)
920 _a978-83-7334-737-3
942 _cKS
008 070802s2007 pl a |000 0 pol
999 _c55831
_d55831
856 _uhttp://koha.tu.koszalin.pl/cgi-bin/koha/opac-detail.pl?biblionumber=55831
_yKatalog online BPK